000 00883na a2200325 4500
001 13062
003 MIRAKIL
005 20181213154825.0
008 160930b tu 000 0
020 _a9755330097
035 _a13062
040 _aMilas
_btur
_cTR-AnCHP
041 _atur
082 _a320.5323
_bS67 1991
090 _a320.5323 S67 1991
245 _aSosyalizmin geleceği
_cErnest Mandel ...[ve öte.]; derleyen Fikret Başkaya
260 _aAnkara
_bİmge Kitabevi
_c1991
300 _a189 s.
_c20 sm.
490 _aİmge Kitabevi Yayınları
_v30
650 _aSosyalizm
650 _aMarksizm
650 _aKomünizm
650 _aSiyasal ideolojiler
_xMarksizm Leninizm
657 _aMarksizm
657 _aSiyasal ideolojiler
657 _aSosyalist sistemler
700 _aMandel, Ernest
700 _aBaşkaya, Fikret
942 _2ddc
_cBKS
999 _c1530
_d1530